Sitcoms an den Familiennamen erkennen - Bist du ein Sitcom Profi? - Statistiken

Allgemein
  • Dieses Quiz wurde 248 mal gespielt
  • Das Durchschnittsergebnis liegt bei 8 aus 20
Antwortstatistiken
Hint Antwort % Korrekt
Simpson Die Simpsons
93%
Tanner Alf / Full House / Fuller House
91%
Bundy Eine schrecklich nette Familie
72%
Griffin Family Guy
69%
Harper Two and a half men
66%
Heffernan King of Queens
64%
Pritchett / Dunphy Modern Family
44%
Sheffield / Fine Die Nanny
43%
Huxtable Cosby Show
39%
Taylor Hör mal wer da hämmert
34%
Winslow Alle unter einem Dach
33%
Banks Der Prinz von Bel-Air
29%
Heck The Middle
23%
Conner Roseanne
21%
Micelli/ Bower Wer ist hier der Boss?
17%
Barone Alle lieben Raymond
14%
Crane Frasier
6%
Seaver Unser lautes Heim
6%
Arnold Wunderbare Jahre
5%
Cunningham Happy Days
3%
Keine übereinstimmenden Quizze gefunden
Verteilung der Resultate
Anzahl Personen mit jedem Resultat
Perzentil nach korrekt beantworteten Fragen
Ihre Resultats-Entwicklung
Sie haben dieses Quiz noch nicht gespielt